| 000 | 00961nam a22001817a 4500 | ||
|---|---|---|---|
| 999 |
_c63894 _d63894 |
||
| 003 | Ge_BSU | ||
| 005 | 20260216101753.0 | ||
| 008 | 260216s1956 ge ||||| |||| 00| 0 geo d | ||
| 041 | _ageo | ||
| 080 | _a339.5(47+57:100) პ-14 | ||
| 100 |
_aპაიჭაძე, ნ. _915618 |
||
| 245 |
_aსაერთაშორისო ვაჭრობა ხალხთა შორის მშვიდობის განმტკიცების და სამეურნეო თანამშრომლობის გაფართოების უმნიშვნელოვანესი საშუალება / _cნ. პაიჭაძე. |
||
| 264 |
_a[თბ.] : _bსახელგამი, _c1956. |
||
| 300 |
_a88 გვ. ; _b20 სმ. |
||
| 504 | _aბიბლიოგრ. შენიშვნებში. | ||
| 653 | _aსაერთაშორისო ვაჭრობა | ||
| 942 |
_2udc _cᲬᲘᲒᲜᲘ |
||